| 000 | 00384nam a22001337a 4500 | ||
|---|---|---|---|
| 008 | 250310b |||||||| |||| 00| 0 eng d | ||
| 020 | _a9789390757879 | ||
| 050 |
_aSF61 _b.D37 |
||
| 100 | _aDas Bhabesh Claudra | ||
| 245 | _aTextBook of Large Ruminant Production and Management [Cattle and Buffalo] | ||
| 260 |
_aNew Delhi _bBrilion Publishing _c2021 |
||
| 300 | _avi,298p | ||
| 942 | _cBK | ||
| 999 |
_c2198 _d2198 |
||